| 000 | 00638nam a2200229 a 4500 | ||
|---|---|---|---|
| 008 | |||
| 020 | _a0521646456 (pbk.) | ||
| 049 | _aMAIN | ||
| 090 | _aTK6560 | ||
| 100 | 1 | _aRutledge, David B. | |
| 245 | 1 | 0 |
_aThe electronics of radio / _cDavid B. Rutledge |
| 260 |
_aCambridge : _bCambridge University, _c1999. |
||
| 300 |
_axiv, 431 p. :ill. ; _c25 cm. |
||
| 500 | _aIncludes index. | ||
| 650 | _aRadio. | ||
| 650 |
_aRadio _xEquipment and supplies. |
||
| 907 |
_a.b10112844 _b26-02-04 _c23-02-04 |
||
| 003 | |||
| 005 | 20230123133635.0 | ||
| 040 | _cNUST | ||
| 942 |
_cBOOKS _kTK6560 |
||
| 999 |
_c152101 _d152101 |
||